000 00418nam a22001577a 4500
005 20251108172545.0
008 250721s9999 xx 000 0 ara d
082 1 4 _aم/915.6/ريح
100 1 _aالريحاني، أمين
245 1 0 _aزنبقة الغور /
264 1 _aبيروت :
_bدار الجيل،
300 _a311 ص.
650 1 7 _aالقصص العربية
942 _2ddc
_cREF
999 _c82450
_d82450